000 00423nam a22001697a 4500
003 OSt
005 20220214160554.0
008 220214b |||||||| |||| 00| 0 eng d
020 _a81-8061-452-2
040 _aDDC
_cHU
082 _21ST
_a617.7523
_b4
100 _aAGARWAL SUNITA
_930277
245 _aTEXTBOOK ON CONTACT LENSES
250 _a1ST
260 _aNEW DELHI
_bJAYPEE BROTHERS
_c2005
942 _2ddc
_cBOOKS
_n0
999 _c30251
_d30251